Syntéza biorelevantných esterov kyseliny rezorcilovej
Na minha lista:
| Autor principal: | |
|---|---|
| Outros Autores: | |
| Formato: | Manuscrito Livro |
| Idioma: | eslovaco |
| Publicado em: |
2025
|
| Assuntos: | |
| Acesso em linha: | http://is.stuba.sk/zp/portal_zp.pl?podrobnosti=183349 |
| Tags: |
Sem tags, seja o primeiro a adicionar uma tag!
|
MARC
| LEADER | 00000ntm a22000003a 4500 | ||
|---|---|---|---|
| 001 | stuzp104881 | ||
| 003 | SK-STU | ||
| 005 | 20250607210918.2 | ||
| 007 | ta | ||
| 008 | 150427s2015----xo-----f-mn---000-0-slo-d | ||
| 040 | |a STU |b slo | ||
| 041 | 0 | |a slo | |
| 100 | 1 | |a Jurík, Michal |u 048140 |4 aut |U FCHPT Ústav organickej chémie, katalýzy a petrochémie |T FCHPT Oddelenie organickej chémie |X 110588 |U C8140 |Y 124 |7 110588 | |
| 242 | 0 | 1 | |a Synthesis of biorelevant resorcylic acid esters |y eng |
| 245 | 1 | 0 | |a Syntéza biorelevantných esterov kyseliny rezorcilovej |
| 260 | |c 2025 | ||
| 650 | 4 | |a multidrug resistance |2 eng | |
| 650 | 4 | |a P-gp inhibitors |2 eng | |
| 650 | 4 | |a anticancer activity |2 eng | |
| 650 | 4 | |a secondary metabolites |2 eng | |
| 650 | 4 | |a β-resorcylic acid |2 eng | |
| 650 | 4 | |a viac-lieková rezistencia |2 slo | |
| 650 | 4 | |a inhibítory P-glykoproteínu |2 slo | |
| 650 | 4 | |a protirakovinová aktivita |2 slo | |
| 650 | 4 | |a sekundárne metabolity |2 slo | |
| 650 | 4 | |a kyselina β-rezorcilová |2 slo | |
| 700 | 1 | |a Markovič, Martin |u 048140 |k Z1 |4 ths |U FCHPT Ústav organickej chémie, katalýzy a petrochémie |T FCHPT Oddelenie organickej chémie |X 26060 |U C8140 |Y 124 |7 A000026060 | |
| 856 | 4 | |u http://is.stuba.sk/zp/portal_zp.pl?podrobnosti=183349 | |